000 00277nam a22001217a 4500
008 170131b xxu||||| |||| 00| 0 eng d
041 _aeng
080 _a61
100 _a3
101 _aSHM
245 _aTHECASE FOR TREATING MILD THYROID FAILURE
_cALLAN, W.C
942 _2udc
_cBK
999 _c4155
_d4155